| 000 | 01001nam a22003730a 4500 | ||
|---|---|---|---|
| 001 | PT30841 | ||
| 003 | AR-LpoUNG | ||
| 005 | 20210131233650.0 | ||
| 008 | 191001s2007||||ag |||||||||||||||||spa d | ||
| 020 |
_a9875454230 _c$7.15 |
||
| 040 |
_aAR-LpoUNG _bspa _cAR-LpoUNG _eaacr |
||
| 041 | _aspa | ||
| 044 | _aag | ||
| 082 | 0 | _a982.065 848tra | |
| 100 | 1 | _aLongoni, Ana | |
| 245 | 1 | 0 |
_aTraiciones : _bla figura del traidor en los relatos acerca de los sobrevivientes de la represión |
| 250 | _a1ra ed. | ||
| 260 |
_aBuenos Aires : _bNorma, _c2007. |
||
| 300 |
_a220 p. : _bil. |
||
| 650 | 4 | _aANALISIS SOCIOLOGICO | |
| 650 | 4 | _aARGENTINA | |
| 650 | 4 | _aDICTADURA | |
| 650 | 4 | _aESTRATEGIAS DE SOBREVIVENCIA | |
| 650 | 4 | _aETICA | |
| 650 | 4 | _aFUERZAS ARMADAS | |
| 650 | 4 | _aGOBIERNO MILITAR | |
| 650 | 4 | _aHISTORIA POLITICA | |
| 650 | 4 | _aTORTURA | |
| 650 | 4 | _aVIOLENCIA | |
| 651 | 4 | _aArgentina | |
| 653 | _aCENTROS CLANDESTINOS DE DETENCION | ||
| 905 | _a30841 | ||
| 942 | _cLSALA | ||
| 999 |
_c22016 _d22016 |
||